000 00652nam a2200205 4500
005 20260415144948.0
010 _aENG-148287
020 _a9789371360777
_c435.00
035 _aEN-131819
037 _bDBAD
082 _21
_a000
100 _aPujara, Bhavuk
245 _aNTA CUET (UG) GENERAL APTITUDE TEST
_cBhavuk Pujara
250 _a1
260 _aUTTAR PRADESH
_bPearson India Education Services pvt. ltd,U72200tnoo5ptco57128.
270 _aIST FLOOR, BERGER TOWER, PLOT NO. C-001A/2, SECTOR 16B, NOIDA
_bINDIA
_e201301
300 _a32.pg
_c23cm(pb)
700 _aBhavuk pujara
_988922
942 _2ddc
_cEN
_e1
_h000
_mPUJ
999 _c215892
_d215892